{"text_format":"3","workbook":"xls","n_sheets":13,"sheets":["ГЛАВНАЯ","Цветной ","Стальной","Труба ЭС ПШ","Задв. 500","НХ","Стр.Мат","Краски","Текстиль","ПС-1","Провод","Арм ДЯ","ВРПМ"],"not_rendered":{"macros":1,"external_links":1,"defined_names":1,"comments":4},"read":"whole","date_system":"1900","formulas":"cached_only"}

{"sheet":"ГЛАВНАЯ","index":0,"n_rows":30,"n_cols":10,"rows_kept":30,"merged":[[1,2,1,14],[4,1,5,3],[4,5,5,7],[4,9,5,11],[4,13,5,15],[7,3,8,5],[7,7,8,9],[7,11,8,13],[10,5,11,7],[10,9,11,11],[13,7,14,9],[27,2,27,14],[28,2,28,8],[28,9,28,14],[29,2,29,8],[29,9,29,13],[30,11,30,15]],"flags":["formulas_cached_only"]}
[]
[null,null,"ООО \"МЕТАЛЛ-РЕЗЕРВ\" ПРЕДЛАГАЕТ"]
{"$rows_empty":25}
[null,null,"Телефоны и почта для справок : +7(843) 211-32-83"]
[null,null,"Николай  +7-903-305-01-30",{"$nulls":6},"metallrezerv@metallrezerv.ru"]
[null,null,"Станислав +7-9600-433-250",{"$nulls":6},"sts@metallrezerv.ru"]

{"sheet":"Цветной ","index":1,"n_rows":40,"n_cols":11,"rows_kept":40,"merged":[[0,0,0,1],[1,1,1,10],[23,1,23,7],[31,1,31,7]],"flags":["formulas_cached_only"]}
["НА ГЛАВНУЮ"]
[null,"Скл. г. Казань, Татарстан ОПТ"]
[null,"№ п/п","Наименование материальных ценностей ","Нормативно-техническая документация (ГОСТ, ОСТ, ТУ)","Ед.изм.","Коли-чество","Цена за ед. измерения с НДС (руб.)","Стоимость материалов с НДС (руб)","Вес 1 листа (кг)","Цена 1 листа (розница)","Наличие Кол-во шт"]
[null,null,"Прокат алюминиевый",null,"тн",3.6213000000000006]
[null,"1","Д16АМ 0,8х1200х2000","ГОСТ 21631-76","тн",0.099,{"v":240000,"d":"240,000.00"},{"v":23760,"d":"23,760.00"},5.4,{"v":1296,"d":"1,296.00"},19]
[null,"2","Д16АТ 2х1200х4000","ГОСТ 21631-76","тн",0.026,{"v":270000,"d":"270,000.00"},{"v":7020,"d":"7,020.00"},{"v":27,"d":"27.0"},{"v":7290,"d":"7,290.00"},1]
[null,"3","Д16АТ 4х1200х4000","ГОСТ 21631-76","тн",0.104,{"v":270000,"d":"270,000.00"},{"v":28080,"d":"28,080.00"},{"v":54,"d":"54.0"},{"v":14580,"d":"14,580.00"},2]
[null,"4","АМЦ-М 2,5х1500х4000","ГОСТ 21631-76","тн",0.446,{"v":220000,"d":"220,000.00"},{"v":98120,"d":"98,120.00"},40.5,{"v":9720,"d":"9,720.00"},11]
[null,"5","АМГ3М 1,5х1200х4000","ГОСТ 21631-76","тн",0.351,{"v":240000,"d":"240,000.00"},{"v":84240,"d":"84,240.00"},19.5,{"v":4680,"d":"4,680.00"},18]
[null,"6","АМГ3М 2х1200х4000","ГОСТ 21631-76","тн",0.052,{"v":240000,"d":"240,000.00"},{"v":12480,"d":"12,480.00"},{"v":26,"d":"26.0"},{"v":6240,"d":"6,240.00"},2]
[null,"7","АМГ3М 5х1200х4000","ГОСТ 21631-76","тн",{"v":0.13,"d":"0.130"},{"v":240000,"d":"240,000.00"},{"v":31200,"d":"31,200.00"},{"v":65,"d":"65.0"},{"v":15600,"d":"15,600.00"},2]
[null,"8","АМГ3М 6х1200х4000","ГОСТ 21631-76","тн",0.078,{"v":240000,"d":"240,000.00"},{"v":18720,"d":"18,720.00"},{"v":78,"d":"78.0"},{"v":18720,"d":"18,720.00"},1]
[null,"9","АМГ3M 8х1200х2000","ГОСТ 21631-76","тн",{"v":0.26,"d":"0.260"},{"v":240000,"d":"240,000.00"},{"v":62400,"d":"62,400.00"},{"v":52,"d":"52.0"},{"v":12480,"d":"12,480.00"},5]
[null,"10","АМГ3     8х1200х3000","ГОСТ 21631-76","тн",0.312,{"v":240000,"d":"240,000.00"},{"v":74880,"d":"74,880.00"},{"v":78,"d":"78.0"},{"v":18720,"d":"18,720.00"},4]
[null,"11","АМГ5М 1,5х1200х4000","ГОСТ 21631-76","тн",0.176,{"v":240000,"d":"240,000.00"},{"v":42240,"d":"42,240.00"},19.5,{"v":4680,"d":"4,680.00"},9]
[null,"12","АМГ5М 2х1200х3000","ГОСТ 21631-76","тн",0.253,{"v":240000,"d":"240,000.00"},{"v":60720,"d":"60,720.00"},19.5,{"v":4680,"d":"4,680.00"},13]
[null,"13","АМГ6-БМ 4х1200х4000","ГОСТ 21631-76","тн",0.208,{"v":240000,"d":"240,000.00"},{"v":49920,"d":"49,920.00"},{"v":52,"d":"52.0"},{"v":12480,"d":"12,480.00"},6]
[null,"14","Д16Т кр. 12","ГОСТ 21488-76","тн",0.11,{"v":220000,"d":"220,000.00"},{"v":24200,"d":"24,200.00"}]
[null,"15","Д16Т кр. 25","ГОСТ 21488-76","тн",0.3753,{"v":220000,"d":"220,000.00"},{"v":82566,"d":"82,566.00"}]
[null,"16","Д16Т кр. 30","ГОСТ 21488-76","тн",0.193,{"v":220000,"d":"220,000.00"},{"v":42460,"d":"42,460.00"}]
[null,"17","Д16Т кр. 40","ГОСТ 21488-76","тн",0.448,{"v":220000,"d":"220,000.00"},{"v":98560,"d":"98,560.00"}]
[null,null,"Прокат бронзовый",null,"тн",0.025]
[null,"18","БРБ2М ≠ 0,2х250","ГОСТ 1789-70","тн",0.008,{"v":1800000,"d":"1,800,000.00"},{"v":14400,"d":"14,400.00"}]
[null,"Скл. г.Казань, Татарстан"]
[null,null,"Латунный прокат"]
[null,"1"," Круг Ø 60 мм ЛМц-58-2 ","ГОСТ 2060-73","кг",{"v":38,"d":"38.00"},{"v":450,"d":"450.00"},{"v":17100,"d":"17,100.00"}]
[null,"2"," Круг Ø 75 мм Л63 ","ГОСТ 2060-73","кг",{"v":106,"d":"106.00"},{"v":320,"d":"320.00"},{"v":33920,"d":"33,920.00"}]
[null,null,"ПРОКАТ АЛЮМИНИЕВЫЙ",null,null,{"v":877,"d":"877.00"},null,{"v":169990,"d":"169,990.00"}]
[null,"3","Втулка (труба прессованная фасонная) АК4Т1  ТРФ-39 (Ромашка)","ГОСТ 18482-79   ","кг",{"v":700,"d":"700.00"},{"v":190,"d":"190.00"},{"v":133000,"d":"133,000.00"}]
[null,"4","Труба алюминиевая Д1М    Ø 65х1,5","ГОСТ 18475-82   ","кг",{"v":42,"d":"42.00"},{"v":270,"d":"270.00"},{"v":11340,"d":"11,340.00"}]
[null,"5","Штамповка АК6Т1  ПР6-78-77","ОСТ 90073-85 ","кг",{"v":135,"d":"135.00"},{"v":190,"d":"190.00"},{"v":25650,"d":"25,650.00"}]
[null,"Скл. г.Самара"]
[null,null,"Прокат алюминиевый",null,"тн",0.253]
[null,1,"Проволока  2,8  В СвАМГ5Н Бухта","ГОСТ 7871-75","тн",0.012,{"v":290000,"d":"290,000.00"},{"v":3480,"d":"3,480.00"}]
[null,2,"Проволока 3,15 В СвАМГ5Н Бухта","ГОСТ 7871-75","тн",0.068,{"v":290000,"d":"290,000.00"},{"v":19720,"d":"19,720.00"}]
[null,null,"Профили алюминиевые пресованные бульбообразные уголкового сечения",null,"тн",{"v":0.14,"d":"0.140"}]
[null,3,"Профиль пр.102-12  Д16Т                          710043  (П6500-72) / 50х30х4х4400 мм","ОСТ 1.90113-86","тн",{"v":0.06,"d":"0.060"},{"v":270000,"d":"270,000.00"},{"v":16200,"d":"16,200.00"}]
[null,4,"Профиль пр.102-13  Д16Т                         710046  (П6500-76)  / 65х40х5х5200 мм","ОСТ 1.90113-86","тн",{"v":0.08,"d":"0.080"},{"v":270000,"d":"270,000.00"},{"v":21600,"d":"21,600.00"}]
[null,null,"Прокат латунный",null,"тн",0.072]
[null,5," ЛС59-1 круг 18 Тянутый, П ДКРНП","ГОСТ 2060-2006","тн",0.072,{"v":450000,"d":"450,000.00"},{"v":32399.999999999996,"d":"32,400.00"}]

{"sheet":"Стальной","index":2,"n_rows":58,"n_cols":8,"rows_kept":58,"merged":[[0,0,0,1],[1,1,1,7],[2,2,2,3],[10,2,10,3],[14,2,14,3],[16,1,16,7],[17,2,17,3],[20,2,20,3],[22,2,22,3],[26,2,26,3],[29,1,29,7]],"flags":["formulas_cached_only"]}
["НА ГЛАВНУЮ"]
[null,"Скл. Самара"]
[null,null,"Прокат сортовой конструкционный углеродистый",null,"тн",{"v":2.64,"d":"2.640"}]
[null,1,"Круг 30 ст.30ХГСА / АТП /            В1-НД-IV-30 Отжиг","ГОСТ 2590-2006,  ТУ 14-1-3238-2006","тн",0.906,{"v":43000,"d":"43,000.00"},{"v":38958,"d":"38,958.00"}]
[null,2,"Круг 40 ст.30ХГСА / АТП /           В1-НД-IV-40 Отжиг","ГОСТ 2590-2006,  ТУ 14-1-3238-2006","тн",{"v":0.07,"d":"0.070"},{"v":43000,"d":"43,000.00"},{"v":3010.0000000000005,"d":"3,010.00"}]
[null,3,"Шестигранник 22 ст.30ХГСА-НГ/ АТП/ h11-НД-22 Нагартованная ","ГОСТ 8560-78,            ТУ 14-1-3238-2006","тн",0.453,{"v":65000,"d":"65,000.00"},{"v":29445,"d":"29,445.00"}]
[null,4,"Шестигранник 30 ст.30ХГСА-НГ /АТП / h11-НД-30 Нагарт. Калибр. ","ГОСТ 7417-75,            ТУ 14-1-3238-2006","тн",0.465,{"v":65000,"d":"65,000.00"},{"v":30225,"d":"30,225.00"}]
[null,5,"Круг 22 ст.40Х /АТП / В1-НД-22","ГОСТ 2590-2006,  ГОСТ 4543-71                      ","тн",{"v":0.411,"d":"0.4110"},{"v":43000,"d":"43,000.00"},{"v":17673,"d":"17,673.00"}]
[null,6,"Круг 48 ст.40Х / АТП / В1-НД-ГР2-48","ГОСТ 2590-2006,  ГОСТ 4543-71                      ","тн",0.302,{"v":43000,"d":"43,000.00"},{"v":12986,"d":"12,986.00"}]
[null,7,"Круг 80 ст.40Х / АТП / В1-НД-80","ГОСТ 2590-2006,  ГОСТ 4543-71                      ","тн",0.033,{"v":43000,"d":"43,000.00"},{"v":1419,"d":"1,419.00"}]
[null,null," Прокат сортовой конструкционный никельсодержащий",null,"тн",0.891]
[null,8,"Круг 18 ст.30ХН2МФА / АТП / ТО","ОСТ 92-1311-77,       ТУ 14-1-3238-81","тн",0.115,{"v":99000,"d":"99,000.00"},{"v":11385,"d":"11,385.00"}]
[null,9,"Круг 85 ст.30ХН2МФА / АТП / В1-НД-ГР2-85",null,"тн",0.659,{"v":99000,"d":"99,000.00"},{"v":65241,"d":"65,241.00"}]
[null,10,"Круг 40 ст.ВП25 (25ХСНВФА) / АТП / ТО-ГР2 2900-3100","ГОСТ 2590-88 гр.В, ТУ 14-1-1447-75","тн",0.117,{"v":65000,"d":"65,000.00"},{"v":7605,"d":"7,605.00"}]
[null,null," Прокат сортовой инструментальный",null,"тн",0.167]
[null,11,"Круг 12 ст.У12А ","ГОСТ 1435 гр.В, ГОСТ 2590-88 гр.В","тн",0.167,{"v":34000,"d":"34,000.00"},{"v":5678,"d":"5,678.00"}]
[null,"Скл. г.Казань"]
[null,null,"Прокат сортовой инструментальный",null,"кг",{"v":160,"d":"160.00"}]
[null,1,"Круг  У8А  Ø 50","ГОСТ 1435-99","кг",{"v":130,"d":"130.00"},{"v":31,"d":"31.00"},{"v":4030,"d":"4,030.00"}]
[null,2,"Круг  У10А  Ø 14","ГОСТ 1435-99","кг",{"v":30,"d":"30.00"},{"v":31,"d":"31.00"},{"v":930,"d":"930.00"}]
[null,null,"Прокат сортовой",null,null,{"v":154,"d":"154.00"}]
[null,3,"Круг  ст.3  Ø 28",null,"кг",{"v":154,"d":"154.00"},{"v":29,"d":"29.00"},{"v":4466,"d":"4,466.00"}]
[null,null,"Прокат сортовой конструкционный никельсодержащий",null,null,{"v":852,"d":"852.00"}]
[null,4,"12Х2Н4А-ВД  Ø 18","ТУ 14-1-950-74  ","кг",{"v":242,"d":"242.00"},{"v":75,"d":"75.00"},{"v":18150,"d":"18,150.00"}]
[null,5,"12Х2Н4А-СШ  Ø 16","ТУ 14-1-658-73  ","кг",{"v":290,"d":"290.00"},{"v":75,"d":"75.00"},{"v":21750,"d":"21,750.00"}]
[null,6,"12Х2Н4А-СШ  Ø 32","ТУ 14-1-658-73  ","кг",{"v":320,"d":"320.00"},{"v":75,"d":"75.00"},{"v":24000,"d":"24,000.00"}]
[null,null,"Лента из прецизионных сплавов",null,null,{"v":93,"d":"93.00"}]
[null,8,"17ХНГТ (ЭИ814) 0,6*80","ТУ 14-1-1953-76 ","кг",{"v":48,"d":"48.00"},{"v":1500,"d":"1,500.00"},{"v":72000,"d":"72,000.00"}]
[null,9,"65НП(I)  0,05*100","ГОСТ 10160-75 ","кг",{"v":45,"d":"45.00"},{"v":1000,"d":"1,000.00"},{"v":45000,"d":"45,000.00"}]
[null,"Скл. г. Набережные Челны   "]
[null,"№ п/п","Наименование материальных ценностей ","Нормативно-техническая документация (ГОСТ, ОСТ, ТУ)","Ед. изм.","Коли-чество","Цена за ед. измерения с НДС (руб.)","Стоимость материалов с НДС (руб)"]
[null,1,2,3,4,5,6,7]
[null,null,"Прокат сортовой конструкционный легированный",null,"тн",1.675]
[null,1,"30ХГСА круг 14","ГОСТ 4543-71","тн",{"v":0.6,"d":"0.600"},{"v":42000,"d":"42,000.00"},{"v":25200,"d":"25,200.00"}]
[null,2,"ст.65С2ВА круг 14","ГОСТ 14959-79","тн",{"v":0.1,"d":"0.100"},{"v":57000,"d":"57,000.00"},{"v":5700,"d":"5,700.00"}]
[null,3,"ст.50РА круг 16","ГОСТ 2590-88","тн",{"v":0.5,"d":"0.500"},{"v":60000,"d":"60,000.00"},{"v":30000,"d":"30,000.00"}]
[null,4,"ст.40Х круг 25","ГОСТ 4543-71","тн",{"v":0.25,"d":"0.250"},{"v":36000,"d":"36,000.00"},{"v":9000,"d":"9,000.00"}]
[null,5,"30ХГСА круг 130","ГОСТ 4543-71","тн",0.225,{"v":36000,"d":"36,000.00"},{"v":8100,"d":"8,100.00"}]
[null,null,"Прокат инструментальный",null,"тн",{"v":1.4049999999999998,"d":"1.405"}]
[null,6,"ХВ4 круг 12 (вольфрам 4,3%)","ГОСТ 5950-73","тн",{"v":0.71,"d":"0.710"},{"v":74000,"d":"74,000.00"},{"v":52540,"d":"52,540.00"}]
[null,7,"ХВ4 круг 22 (вольфрам 4,3%)","ГОСТ 5950-73","тн",0.695,{"v":74000,"d":"74,000.00"},{"v":51430,"d":"51,430.00"}]
[null,null,"Прокат сортовой холоднотянутый автоматный",null,"тн",0.195]
[null,8,"А12 круг 3","ГОСТ 1414-75","тн",{"v":0.12,"d":"0.120"},{"v":32000,"d":"32,000.00"},{"v":3840,"d":"3,840.00"}]
[null,9,"А12 круг 4,5 ","ГОСТ 1414-75","тн",0.075,{"v":32000,"d":"32,000.00"},{"v":2400,"d":"2,400.00"}]
[null,null,"Прокат сортовой холоднотянутый",null,"тн",{"v":1.2489999999999999,"d":"1.249"}]
[null,10,"ст.20 шестигранник 7","ГОСТ 1050-88","тн",{"v":0.15,"d":"0.150"},{"v":33000,"d":"33,000.00"},{"v":4950,"d":"4,950.00"}]
[null,11,"ст.35 шестигранник 7","ГОСТ 1050-74","тн",0.135,{"v":33000,"d":"33,000.00"},{"v":4455,"d":"4,455.00"}]
[null,12,"ст.35 шестигранник 8","ГОСТ 1050-88","тн",0.135,{"v":33000,"d":"33,000.00"},{"v":4455,"d":"4,455.00"}]
[null,13,"ст.35 шестигранник 10","ГОСТ 1050-88","тн",{"v":0.1,"d":"0.100"},{"v":33000,"d":"33,000.00"},{"v":3300,"d":"3,300.00"}]
[null,14,"ст.35 шестигранник 17","ГОСТ 1050-88","тн",{"v":0.08,"d":"0.080"},{"v":33000,"d":"33,000.00"},{"v":2640,"d":"2,640.00"}]
[null,15,"ст.50 круг 3,3","ГОСТ 1050-88","тн",0.118,{"v":32000,"d":"32,000.00"},{"v":3776,"d":"3,776.00"}]
[null,16,"30ХГСА круг 4","ГОСТ 4543-71","тн",0.075,{"v":36000,"d":"36,000.00"},{"v":2700,"d":"2,700.00"}]
[null,17,"ст.35 круг 4","ГОСТ 1050-88","тн",0.075,{"v":32000,"d":"32,000.00"},{"v":2400,"d":"2,400.00"}]
[null,18,"40Х круг 4","ГОСТ 4543-71","тн",0.075,{"v":36000,"d":"36,000.00"},{"v":2700,"d":"2,700.00"}]
[null,19,"ст. 35 круг 4,5","ГОСТ 1050-88","тн",{"v":0.05,"d":"0.050"},{"v":32000,"d":"32,000.00"},{"v":1600,"d":"1,600.00"}]
[null,20,"ст.20 круг 5,5 ","ГОСТ 1051-73","тн",0.055,{"v":32000,"d":"32,000.00"},{"v":1760,"d":"1,760.00"}]
[null,21,"ст.20 круг 6","ГОСТ 1051-73","тн",{"v":0.05,"d":"0.050"},{"v":32000,"d":"32,000.00"},{"v":1600,"d":"1,600.00"}]
[null,22,"ст.35 круг 6","ГОСТ 1050-88","тн",0.151,{"v":32000,"d":"32,000.00"},{"v":4832,"d":"4,832.00"}]

{"sheet":"Труба ЭС ПШ","index":3,"n_rows":11,"n_cols":8,"rows_kept":11,"merged":[[0,0,0,1],[1,1,1,7]],"flags":["formulas_cached_only"]}
["НА ГЛАВНУЮ"]
[null," Склад г.Кстово Нижегородская обл.             ОПТ"]
[null,"№ п/п","Наименование материальных ценностей","Год изгот-я (сертификат  паспорт)","Един. Изм.","Кол-во","Цена за ед. с НДС (руб.)","Стоимость материалов с НДС (руб.)"]
[null,null,"Трубы прямошовные магистральные  больших диаметров    ",null,"тн"]
[null,1,"Труба стальная электросварная прямошовная 530х9 К52/1 ВМЗ ТУ1381-051-05757848-2011 (13 шт) - 157,46 м",2014,"тн",18.389,{"v":48000,"d":"48,000.00"},{"v":882672,"d":"882,672.00"}]
[null,2,"Труба стальная электросварная прямошовная 720х9 К52/1 ЧТПЗ ТУ1381-018-00186654-2009 (21 шт) - 249,95 м",2013,"тн",39.843,{"v":46000,"d":"46,000.00"},{"v":1832778.0000000002,"d":"1,832,778.00"}]
[null,3,"Труба стальная электросварная прямошовная 820х9 К52/1 ВМЗ ТУ1381-007-05757848-2005 (8 шт) - 91,43 м",2010,"тн",16.621,{"v":44000,"d":"44,000.00"},{"v":731323.9999999999,"d":"731,324.00"}]
[null,4,"Труба стальная электросварная прямошовная 820х10 К52/1 ВМЗ ТУ1381-007-05757848-2005 (13 шт) - 150,3 м",2010,"тн",{"v":30.32,"d":"30.320"},{"v":44000,"d":"44,000.00"},{"v":1334080,"d":"1,334,080.00"}]
[null,5,"Труба стальная электросварная прямошовная 820х12 К52/1 ЧТПЗ ТУ1381-146-00186654-2009 (6 шт) - 69,8 м",2009,"тн",16.856,{"v":44000,"d":"44,000.00"},{"v":741664.0000000001,"d":"741,664.00"}]
[null,6,"Труба стальная электросварная прямошовная 1020х12 К52/1 ЧТПЗ ТУ1381-147-00186654-2009 (28 шт) - 324,7 м",2011,"тн",97.826,{"v":46000,"d":"46,000.00"},{"v":4499996,"d":"4,499,996.00"}]
[null,null,"Итого",null,null,219.855]

{"sheet":"Задв. 500","index":4,"n_rows":6,"n_cols":10,"rows_kept":6,"merged":[[0,0,0,1],[1,1,1,7]],"flags":["formulas_cached_only"]}
["НА ГЛАВНУЮ"]
[null,"Склад ст. Зелецино г.Кстово             ОПТ"]
[]
[null,"№ п/п","Наименование материальных ценностей","Год изг. (сертификат  паспорт)","Един. Изм.","Кол-во","Цена за ед. с НДС (руб.)","Стоимость материалов с НДС (руб.)"]
[null,null," Задвижки и затворы стальные"]
[null,1,"Задвижка клиновая  Ду 500 Pу 8.0 МПа ст.09Г2С, ГОСТ 19281-89 ; УК 11113-500, УХЛ1 DN500 PN8,0 СТ АО 39013846-1.050-2008; (разм. 930х1973х1194 мм), исп. М-морозостойкое, изг. АО УКАЗ",2010,"шт",{"v":3,"d":"3.00"},{"v":250000,"d":"250,000.00"},{"v":750000,"d":"750,000.00"},null,"1 авто - 3 шт"]

{"sheet":"НХ","index":5,"n_rows":7,"n_cols":8,"rows_kept":7,"merged":[[0,0,0,1],[1,1,1,7]],"flags":["formulas_cached_only"]}
["НА ГЛАВНУЮ"]
[null,"Скл. Казань ОПТ"]
[]
[null,"№ п/п","Наименование материальных ценностей ","Нормативно-техническая документация (ГОСТ, ОСТ, ТУ)","Ед.изм.","Кол-во","Цена за ед. измерения с НДС (руб.)","Стоимость с НДС, руб"]
[null,1,"Битумы нефтянные БНД-130/200,            Башнефть-Новойл  (на скл Ижевск)","ГОСТ 22245-90","тонн",{"v":37,"d":"37.00"},{"v":9500,"d":"9,500.00"},{"v":351500,"d":"351,500.00"}]
[null,2,"Масло гидравлическое МГЕ-10А               НПП ЭТМА Бидон 15,5 кг -40 шт.","ТУ38.401-58-337-2003","тонн",{"v":0.62,"d":"0.620"},{"v":80000,"d":"80,000.00"},{"v":49600,"d":"49,600.00"}]
[null,3,"Растворитель Р-4                                           Ярославль ПО Победа Бочка 180 кг.- 3 шт","ГОСТ 7827-74 ","тонн",{"v":0.54,"d":"0.540"},{"v":40000,"d":"40,000.00"},{"v":21600,"d":"21,600.00"}]

{"sheet":"Стр.Мат","index":6,"n_rows":6,"n_cols":8,"rows_kept":6,"merged":[[0,0,0,1],[2,1,2,7]],"flags":["formulas_cached_only"]}
["НА ГЛАВНУЮ"]
[]
[null,"Скл. Ижевск"]
[]
[null,"№ п/п","Наименование материальных ценностей ","Нормативно-техническая документация (ГОСТ, ОСТ, ТУ)","Ед.изм.","Кол-во","Цена за ед. измерения с НДС (руб.)","Стоимость с НДС, (руб)"]
[null,3,"Битумы нефтянные БНД-130/200,    Башнефть-Новойл","ГОСТ 22245-90","тонн",{"v":37,"d":"37.00"},{"v":9500,"d":"9,500.00"},{"v":351500,"d":"351,500.00"}]

{"sheet":"Краски","index":7,"n_rows":13,"n_cols":9,"rows_kept":13,"merged":[[0,0,0,1],[1,1,1,7],[3,1,3,7]],"flags":["formulas_cached_only"]}
["НА ГЛАВНУЮ"]
[null,"Скл.Казань"]
[]
[null,"Краска, Эмаль, Грунтовка"]
[null,"№ п/п","Наименование","ГОСТ, ТУ","Ед. Изм.","Кол-во","Цена с НДС","Сумма"]
[null,null,"Эмали, грунтовки ",null,"тонн",0.615]
[null,1,"эмаль ГФ-1426 защитный","ГОСТ 6745-79 Сергиев Посад, ЗЛЗ","тонн",0.055,{"v":70000,"d":"70,000.00"},{"v":3850,"d":"3,850.00"},"1б - 55 кг"]
[null,2,"эмаль ПФ-115 белый","ГОСТ 6465-76 Ярославль ПО Победа","тонн",{"v":0.21,"d":"0.210"},{"v":45000,"d":"45,000.00"},{"v":9450,"d":"9,450.00"},"2 б - 50 кг, 2 б - 55 кг"]
[null,3,"эмаль ПФ-115 серый","ГОСТ 6465-76 Ярославль ПО Победа","тонн",{"v":0.23,"d":"0.230"},{"v":45000,"d":"45,000.00"},{"v":10350,"d":"10,350.00"},"3 б - 60 кг, 1 б - 50 кг"]
[null,4,"эмаль ПФ-115 зеленый","ГОСТ 6465-76 Ярославль ПО Победа","тонн",{"v":0.12,"d":"0.120"},{"v":45000,"d":"45,000.00"},{"v":5400,"d":"5,400.00"},"2 б - 60 кг"]
[null,null," Эмали на полимеризационных смолах (перхлорвиниловые)",null,"тонн",3.9010000000000002]
[null,5,"эмаль ХВ-518 защитный, барабан 55 л","ТУ2313-034-05015-319-2001 ЗАО НПК ЯрЛИ","тонн",2.325,{"v":67000,"d":"67,000.00"},{"v":155775,"d":"155,775.00"},"23 б - 55 кг, 4 б - 44 кг, 17 б - 52 кг"]
[null,6,"эмаль ХВ-16 защитный, барабан 55 л ","ТУ2313-034-05015-319-2002 ЗАО НПК ЯрЛИ","тонн",1.576,{"v":67000,"d":"67,000.00"},{"v":105592,"d":"105,592.00"},"28 б - 50 кг, 4 б -44 кг, "]

{"sheet":"Текстиль","index":8,"n_rows":11,"n_cols":8,"rows_kept":11,"merged":[[0,0,0,1],[1,1,1,7]],"flags":["formulas_cached_only"]}
["НА ГЛАВНУЮ"]
[null,"Скл. Казань"]
[null,"№ п/п","Наименование материальных ценностей, Изготовитель","ГОСТ, ОСТ, ТУ","Ед. изм.","Коли-чество","Цена за Ед.Изм. с НДС (руб)","Общая стоимость с НДС (руб)"]
[null,1,"Нитки и изделия ниточные хлопчатобумажные",null,null,105]
[null,null,"Нить кардная суровая хлопчатобумажная, крученая для технических целей                         (34 текс х 4 х 3, Крутка кр./м-760, Цвет: Белый) \"Ярославская фабрика технических тканей\" ","ТУ 17-46-4023-80","кг",92,{"v":500,"d":"500.00"},{"v":46000,"d":"46,000.00"}]
[null,null,"Обувные нитки армированные хлопчатобумажные и синтетические 200ЛХ, защитного цвета                                                ОАО Прядильно-ниточный комбинат,           Санкт-Питербург","ГОСТ 30226-93 ","кг",13,{"v":700,"d":"700.00"},{"v":9100,"d":"9,100.00"}]
[null,2,"Ленты",null,"метр ",{"v":10000,"d":"10,000"}]
[null,null,"Лента х/б ременная тесмяная ЛРТ-9-бч-6            арт.с667к ОАО Лента, Чебоксары","ОСТ 17-113-02","метр ",{"v":3000,"d":"3,000"},{"v":6,"d":"6.00"},{"v":18000,"d":"18,000.00"}]
[null,null,"Лента тканая техн. ременная ЛРТ-20-ч-7            арт.С81к ОАО Лента, Чебоксары  ","ОСТ 17-113-02","метр ",{"v":6700,"d":"6,700"},{"v":16,"d":"16.00"},{"v":107200,"d":"107,200.00"}]
[null,3,"Тесьма",null,null,500]
[null,null,"Лента штрипочная 25 мм  ЛХТ сер. 25-75 бч.   ОАО Лента, Чебоксары","ОСТ 17-48-2002","метр ",500,{"v":5,"d":"5.00"},{"v":2500,"d":"2,500.00"}]

{"sheet":"ПС-1","index":9,"n_rows":33,"n_cols":9,"rows_kept":33,"merged":[[0,0,0,1]],"flags":["formulas_cached_only"]}
["НА ГЛАВНУЮ"]
[]
[null,"Пенопласт полистирольный плиточный (Листовой) ПС-1     ТУ 6-05-1178"]
[null,"№","Марка","Размеры, мм","Ед. изм.","Кол-во, кг","Кол-во листов, шт","Цена, руб/кг","Сумма, руб"]
[null,1,"ПС-1-150","50х1150х1540","кг",12,1,800,{"v":9600,"d":"9,600"}]
[null,2,"ПС-1-150","55х1130х1540","кг",12.5,1,800,{"v":10000,"d":"10,000"}]
[null,3,"ПС-1-150","50х1420х2030","кг",{"v":24.5,"d":"24.50"},1,800,{"v":19600,"d":"19,600"}]
[null,4,"ПС-1-150","60х1430х2130","кг",{"v":26.5,"d":"26.50"},1,800,{"v":21200,"d":"21,200"}]
[null,5,"ПС-1-150","60х1410х2100","кг",{"v":26,"d":"26.00"},1,800,{"v":20800,"d":"20,800"}]
[null,6,"ПС-1-150","65х1470х2140","кг",{"v":29,"d":"29.00"},1,800,{"v":23200,"d":"23,200"}]
[null,7,"ПС-1-150","65х1460х2160","кг",{"v":29.5,"d":"29.50"},1,800,{"v":23600,"d":"23,600"}]
[null,8,"ПС-1-150","55х1450х2140","кг",{"v":29,"d":"29.00"},1,800,{"v":23200,"d":"23,200"}]
[null,9,"ПС-1-150","60х1450х2470","кг",{"v":29,"d":"29.00"},1,800,{"v":23200,"d":"23,200"}]
[null,10,"ПС-1-150","60х1460х2130","кг",{"v":29,"d":"29.00"},1,800,{"v":23200,"d":"23,200"}]
[null,11,"ПС-1-150","60х1300х2000","кг",{"v":27,"d":"27.00"},1,800,{"v":21600,"d":"21,600"}]
[null,12,"ПС-1-150","60х1450х2200","кг",{"v":28.5,"d":"28.50"},1,800,{"v":22800,"d":"22,800"}]
[null,13,"ПС-1-200","50х1310х1980","кг",{"v":25.5,"d":"25.50"},1,800,{"v":20400,"d":"20,400"}]
[null,14,"ПС-1-200","50х1270х1890","кг",{"v":26.5,"d":"26.50"},1,800,{"v":21200,"d":"21,200"}]
[null,15,"ПС-1-200","55х1310х1910","кг",{"v":29,"d":"29.00"},1,800,{"v":23200,"d":"23,200"}]
[null,16,"ПС-1-200","60х1300х1960","кг",{"v":29.5,"d":"29.50"},1,800,{"v":23600,"d":"23,600"}]
[null,17,"ПС-1-200","55х1370х2030","кг",{"v":29.5,"d":"29.50"},1,800,{"v":23600,"d":"23,600"}]
[null,18,"ПС-1-200","55х1400х2080","кг",{"v":29,"d":"29.00"},1,800,{"v":23200,"d":"23,200"}]
[null,19,"ПС-1-200","50х1400х2100","кг",{"v":26.5,"d":"26.50"},1,800,{"v":21200,"d":"21,200"}]
[null,20,"ПС-1-200","50х1350х2060","кг",{"v":27.5,"d":"27.50"},1,800,{"v":22000,"d":"22,000"}]
[null,21,"ПС-1-200","50х1410х2100","кг",{"v":26,"d":"26.00"},1,800,{"v":20800,"d":"20,800"}]
[null,22,"ПС-1-200","50х1380х2060","кг",{"v":25.5,"d":"25.50"},1,800,{"v":20400,"d":"20,400"}]
[null,23,"ПС-1-200","50х1320х2050","кг",{"v":24.5,"d":"24.50"},1,800,{"v":19600,"d":"19,600"}]
[null,24,"ПС-1-200","55х1400х2030","кг",{"v":28,"d":"28.00"},1,800,{"v":22400,"d":"22,400"}]
[null,25,"ПС-1-200","55х1420х2100","кг",{"v":29.5,"d":"29.50"},1,800,{"v":23600,"d":"23,600"}]
[null,26,"ПС-1-200","45х500х530","кг",{"v":88.8,"d":"88.80"},37,800,{"v":71040,"d":"71,040"}]
[null,null,"ИТОГО",{"$nulls":3},62,null,{"v":598240,"d":"598,240"}]
[null,null,"ПС-1-150",null,"кг",302.5]
[null,null,"ПС-1-200",null,"кг",{"v":445.3,"d":"445.30"}]

{"sheet":"Провод","index":10,"n_rows":23,"n_cols":10,"rows_kept":23,"merged":[[0,0,0,1],[1,1,1,9]],"flags":["formulas_cached_only"]}
["НА ГЛАВНУЮ"]
[null,"Скл. Казань"]
[null,"№","Наименование","Нормативно-Техническая документация ГОСТ, ОСТ, ТУ","Ед. изм.","Кол-во","Цена за ед. измерения с НДС (руб.)","Стоимость    с НДС, (руб)","вес 1 км (кг) ","вес общий (кг)  "]
[null,null,"Авиапровода (провода и кабели бортовые)",null,"км",{"v":10.96,"d":"10.960"}]
[null,null,"провода типа МГШВ 2",null,"км"]
[null,1," МГШВ-0,12 синий","ТУ 16-505.437-82","км",{"v":0.25,"d":"0.250"},{"v":1700,"d":"1,700.00"},{"v":425,"d":"425.00"},2.5,0.625]
[null,2," МГШВ-0,14 черный","ТУ 16-505.437-82","км",{"v":0.27,"d":"0.270"},{"v":1800,"d":"1,800.00"},{"v":486.00000000000006,"d":"486.00"},2.7,0.7290000000000001]
[null,3," МГШВ-0,2 желтый","ТУ 16-505.437-82","км",{"v":0.4,"d":"0.400"},{"v":2300,"d":"2,300.00"},{"v":920,"d":"920.00"},4.3,1.72]
[null,4," МГШВ-0,35 белый","ТУ 16-505.437-82","км",{"v":0.5,"d":"0.500"},{"v":2480,"d":"2,480.00"},{"v":1240,"d":"1,240.00"},5.6,2.8]
[null,5," МГШВ-0,75","ТУ 16-505.437-82","км",{"v":0.38,"d":"0.380"},{"v":4300,"d":"4,300.00"},{"v":1634,"d":"1,634.00"},10.4,3.9520000000000004]
[null,6," МГШВ-1,5","ТУ 16-505.437-82","км",{"v":0.7,"d":"0.700"},{"v":7980,"d":"7,980.00"},{"v":5586,"d":"5,586.00"},18.6,13.02]
[null,7," МГШВЭ-0,35","ТУ 16-505.437-82","км",{"v":0.04,"d":"0.040"},{"v":1800,"d":"1,800.00"},{"v":72,"d":"72.00"},12.27,0.4908]
[null,8," МГШВЭ-2х0,35","ТУ 16-505.437-82","км",{"v":0.04,"d":"0.040"},{"v":16000,"d":"16,000.00"},{"v":640,"d":"640.00"},25,1]
[null,9," МГШВЭ-0,5","ТУ 16-505.437-82","км",{"v":0.03,"d":"0.030"},{"v":3200,"d":"3,200.00"},{"v":96,"d":"96.00"},13.91,0.4173]
[null,null,"провода типа МГТФ "]
[null,10,"МГТФ- 0,1","ТУ 16-505.185-71","км",{"v":0.02,"d":"0.020"},{"v":6000,"d":"6,000.00"},{"v":120,"d":"120.00"},1.73,0.0346]
[null,11,"МГТФЭ- 0,12","ТУ 16-505.185-71","км",{"v":0.3,"d":"0.300"},{"v":12000,"d":"12,000.00"},{"v":3600,"d":"3,600.00"},6.36,1.908]
[null,12,"ПМЛ-10х16 (Плетенка медная луженная)",null,"км",{"v":7.43,"d":"7.430"},{"v":37000,"d":"37,000.00"},{"v":274910,"d":"274,910.00"},56,416.08]
[null,null,"провода  типа МПМ ",null,"км"]
[null,13,"МПМ-0,2 белый","ТУ 16-505.495-81","км",{"v":0.05,"d":"0.050"},{"v":1100,"d":"1,100.00"},{"v":55,"d":"55.00"},1.72,0.08600000000000001]
[null,14,"МПМ-0,35 белый","ТУ 16-505.495-81","км",{"v":0.3,"d":"0.300"},{"v":1100,"d":"1,100.00"},{"v":330,"d":"330.00"},3,0.8999999999999999]
[null,15,"МПМЭ-0,12","ТУ 16-505.495-81","км",{"v":0.25,"d":"0.250"},{"v":1100,"d":"1,100.00"},{"v":275,"d":"275.00"},1,0.25]
[{"$nulls":9},444.0127]

{"sheet":"Арм ДЯ","index":11,"n_rows":33,"n_cols":11,"rows_kept":33,"merged":[[0,0,0,1],[2,1,2,10],[5,1,5,10],[20,11,27,11]],"flags":["formulas_cached_only"]}
["       НА ГЛАВНУЮ"]
[]
[null,"Склад Казань"]
[]
[null,"№ п.п.","Наименование изделий с указанием марки,сортамента","Размеры (мм)","Ед. изм.","Рынок","Цена за Ед.Изм. с НДС","Цена за Ед.Изм. с НДС     ОПТ от 1000 шт","Общая стоимость с НДС","Местонахож-дение","Вес изделия (кг.)"]
[null,"Арматура металлическая для изготовления деревяных ящиков         (грунт ГФ-021)  ГОСТ 16561-76"]
[null,1,"Замок № 1-1","147*47*14,5","шт.",{"v":34.1,"d":"34.10"},null,{"v":34,"d":"34.00"},null,"Казань",0.191]
[null,3,"Замок № 2-1","117*38*14,5","шт.",28.5,null,{"v":23,"d":"23.00"},null,"Казань",0.109]
[null,4,"Замок № 2-2","117*38*14,5","шт.",28.5,null,{"v":24,"d":"24.00"},null,"Казань",0.109]
[null,5,"Крючок 1","80*30","шт.",7.51,null,{"v":12,"d":"12.00"},null,"Казань",0.052]
[null,6,"Крючок 2","63*25","шт.",7.41,null,{"v":11,"d":"11.00"},null,"Казань",{"v":0.03,"d":"0.030"}]
[null,7,"Стопорная вилка № 1","52*19*2","шт.",2.34,{"v":1.5,"d":"1.50"},{"v":5,"d":"5.00"},{"$error":"#REF!"},"Казань",0.003]
[null,8,"Стопорная вилка № 2","47*19*2","шт.",null,null,{"v":5,"d":"5.00"},null,"Казань",0.003]
[null,9,"Ручка № 1","136*93","шт.",27.08,null,{"v":37,"d":"37.00"},{"$error":"#REF!"},"Казань",0.334]
[null,10,"Ручка № 2","140*129","шт.",27.08,21.33,{"v":37,"d":"37.00"},{"$error":"#REF!"},"Казань",0.334]
[null,11,"Ручка № 3","140*90","шт.",27.08,null,{"v":37,"d":"37.00"},{"$error":"#REF!"},"Казань",0.334]
[null,12,"Угольник № 1","90*50*50*1,5","шт.",11.26,null,{"v":15,"d":"15.00"},null,"Казань",0.105]
[null,13,"Угольник № 2","100*50*50*1,5","шт.",11.54,null,{"v":16,"d":"16.00"},null,"Казань",0.118]
[null,14,"Угольник № 3","130*50*50*1,5","шт.",14.25,null,{"v":20,"d":"20.00"},null,"Казань",0.153]
[null,15,"Угольник № 4","150*50*50*1,5","шт.",15.87,null,{"v":24,"d":"24.00"},null,"Казань",0.176]
[null,16,"Угольник № 5","180*50*50*1,5","шт.",{"v":17.1,"d":"17.10"},15.67,{"v":27,"d":"27.00"},{"$error":"#REF!"},"Казань",0.211]
[null,17,"Угольник № 6","240*50*50*1,5","шт.",{"v":18.1,"d":"18.10"},null,{"v":32,"d":"32.00"},null,"Казань",0.282]
[null,18,"Угольник № 7","55*70*25*1,5","шт.",7.75,null,{"v":10.5,"d":"10.50"},null,"Казань",0.037]
[null,19,"Угольник № 8","70*70*25*1,5","шт.",7.31,null,{"v":11,"d":"11.00"},null,"Казань",0.042]
[null,20,"Угольник № 9","105*70*25*1,5","шт.",7.72,null,{"v":11.5,"d":"11.50"},{"$error":"#REF!"},"Казань",0.049]
[null,21,"Угольник № 10","150*70*25*1,5","шт.",8.55,null,{"v":12,"d":"12.00"},null,"Казань",0.062]
[null,22,"Угольник № 11","190*70*25*1,5","шт.",9.12,7.67,{"v":12.5,"d":"12.50"},{"$error":"#REF!"},"Казань",0.075]
[null,23,"Петля шарнирная № 1","60+27*72*45","шт.",16.39,14.67,{"v":27,"d":"27.00"},{"$error":"#REF!"},"Казань",0.159]
[null,24,"Петля шарнирная № 2","52+20*52*36","шт.",16.39,null,{"v":23,"d":"23.00"},null,"Казань",0.077]
[null,25,"Петля шарнирная № 3","174*45","шт.",null,null,{"v":29,"d":"29.00"},null,"Казань",0.156]
[null,26,"Петля шарнирная № 4","174*45","шт.",null,null,{"v":30,"d":"30.00"},null,"Казань",0.184]
[null,27,"Скоба № 1","28*130","шт.",16.39,14.67,{"v":12,"d":"12.00"},{"$error":"#REF!"},"Казань",0.061]
[null,28,"Скоба № 2","22*130","шт.",16.39,null,{"v":13,"d":"13.00"},null,"Казань",0.058]

{"sheet":"ВРПМ","index":12,"n_rows":7,"n_cols":8,"rows_kept":7,"merged":[[0,0,0,1],[1,1,1,7],[2,1,2,7]],"flags":["formulas_cached_only"]}
["НА ГЛАВНУЮ"]
[null,"Склад Верещагино, Пермский край ОПТ"]
[]
[null,"№ п/п","Наименование материальных ценностей ","Нормативно-техническая документация (ГОСТ, ОСТ, ТУ)","Ед.изм.","Коли-чество","Цена с НДС, (руб.)","Сумма с НДС (руб.)"]
[null,null,"Запчасти к Автомобилям",null,"шт",240]
[null,"1","Сигнал воздушный С40В","ОСТ 24.140.09.72","шт",240,{"v":300,"d":"300.00"},{"v":72000,"d":"72,000.00"}]
[{"$nulls":7},{"v":72000,"d":"72,000.00"}]